| 000 | 00867cam a2200253 4500 | ||
|---|---|---|---|
| 001 | ABS65253 | ||
| 008 | 020404n2002 000 0 eng u | ||
| 035 | _a(Sirsi) u117367 | ||
| 100 | _aStapylton-Smith, D. | ||
| 245 | _aFrench court rules in favour of tenants | ||
| 260 | _c2002 | ||
| 490 |
_aEuroProperty _vFebruary 2002, 16(1) |
||
| 520 | _aFollowing pressure from institutional investors, there has been a change in France's rent review laws, after a series of rulings last year by the French supreme court seemed to give tenants the go-ahead to apply to have their rents reduced to market rates. | ||
| 590 | _aABS | ||
| 650 | _aRENT REVIEWS | ||
| 650 | _aFRANCE | ||
| 650 | _aMARKET RATES | ||
| 650 | _aINSTITUTIONAL INVESTORS | ||
| 650 | _aLEGISLATION | ||
| 650 | _aTENANTS | ||
| 650 | _aSALE AND LEASEBACK | ||
| 690 | _aEUROPE | ||
| 942 | _n0 | ||
| 999 |
_c69924 _d69924 |
||